|
|
|
|
| LEADER |
03203nam a2200745 a 4500 |
| 001 |
nkc20102089461 |
| 003 |
CZ PrNK |
| 005 |
20100504093643.0 |
| 007 |
ta |
| 008 |
100309s2009 xr ah e f 000 0dcze |
| 015 |
|
|
|a cnb002089461
|
| 020 |
|
|
|a 978-80-86944-32-6
|q (váz.)
|
| 035 |
|
|
|a (OCoLC)614290487
|
| 040 |
|
|
|a BOA001
|b cze
|d ABA001
|
| 041 |
0 |
|
|a cze
|b eng
|b ger
|
| 043 |
|
|
|a e-xr---
|b e-xr-pl
|2 czenas
|
| 045 |
|
|
|a x5y1
|a v1y1
|
| 072 |
|
7 |
|a 027
|x Univerzální knihovny. Veřejné knihovny. Soukromé knihovny
|2 Konspekt
|9 12
|
| 080 |
|
|
|a 027.53(1-35)
|2 MRF
|
| 080 |
|
|
|a 027.021
|2 MRF
|
| 080 |
|
|
|a 021
|2 MRF
|
| 080 |
|
|
|a 024.5/.6
|2 MRF
|
| 080 |
|
|
|a 727.8
|2 MRF
|
| 080 |
|
|
|a 726.71:27-789.33
|2 MRF
|
| 080 |
|
|
|a (437.317)
|2 MRF
|
| 080 |
|
|
|a (036)
|2 MRF
|
| 080 |
|
|
|a (082.2)
|2 MRF
|
| 245 |
0 |
0 |
|a Kronika 60 let Studijní a vědecké knihovny Plzeňského kraje /
|c [text uspořádala Ivanka Horáková]
|
| 250 |
|
|
|a Vyd. 1.
|
| 260 |
|
|
|a Plzeň :
|b Pro Plzeňský kraj vydala Studijní a vědecká knihovna PK,
|c 2009
|
| 300 |
|
|
|a 113 s. :
|b barev. il., faksim. ;
|c 26 cm
|
| 500 |
|
|
|a 300 výt.
|
| 504 |
|
|
|a Obsahuje bibliografii
|
| 546 |
|
|
|a Anglické a německé resumé
|
| 610 |
2 |
7 |
|a Studijní a vědecká knihovna Plzeňského kraje (Plzeň, Česko)
|7 ko20010092613
|2 czenas
|
| 648 |
|
4 |
|a 1950-2010
|
| 648 |
|
4 |
|a 1712-2010
|
| 650 |
0 |
7 |
|a krajské knihovny
|7 ph216771
|z Česko
|y 20.-21. století
|2 czenas
|
| 650 |
0 |
7 |
|a vědecké knihovny
|7 ph127369
|z Česko
|y 20.-21. století
|2 czenas
|
| 650 |
0 |
7 |
|a činnost knihoven
|7 ph168257
|z Česko
|y 20.-21. století
|2 czenas
|
| 650 |
0 |
7 |
|a knihovní služby
|7 ph121660
|z Česko
|y 20.-21. století
|2 czenas
|
| 650 |
0 |
7 |
|a knihovní budovy
|7 ph121667
|z Česko
|y 18.-21. století
|2 czenas
|
| 650 |
0 |
7 |
|a dominikánské kláštery
|7 ph224040
|z Česko
|y 18.-21. století
|2 czenas
|
| 650 |
0 |
9 |
|a regional libraries
|z Czechia
|y 20th-21st centuries
|2 eczenas
|
| 650 |
0 |
9 |
|a research libraries
|z Czechia
|y 20th-21st centuries
|2 eczenas
|
| 650 |
0 |
9 |
|a activities of libraries
|z Czechia
|y 20th-21st centuries
|2 eczenas
|
| 650 |
0 |
9 |
|a library services
|z Czechia
|y 20th-21st centuries
|2 eczenas
|
| 650 |
0 |
9 |
|a library buildings
|z Czechia
|y 18th-21st centuries
|2 eczenas
|
| 650 |
0 |
9 |
|a Dominican monasteries
|z Czechia
|y 18th-21st centuries
|2 eczenas
|
| 651 |
|
7 |
|a Plzeň (Česko)
|7 ge130439
|2 czenas
|
| 651 |
|
9 |
|a Plzeň (Czechia)
|2 eczenas
|
| 655 |
|
7 |
|a informační publikace
|7 fd132454
|2 czenas
|
| 655 |
|
7 |
|a jubilejní publikace
|7 fd131839
|2 czenas
|
| 655 |
|
9 |
|a information publications
|2 eczenas
|
| 655 |
|
9 |
|a jubilee books
|2 eczenas
|
| 700 |
1 |
|
|a Horáková, Ivana,
|d 1947-
|7 xx0019552
|4 com
|
| 710 |
1 |
|
|a Plzeňský kraj (Česko : 2000-)
|7 ge135835
|
| 856 |
4 |
1 |
|u http://www.digitalniknihovna.cz/mzk/uuid/uuid:bd05ff20-8cff-11ee-b09e-005056827e51
|y Digitalizovaný dokument
|x NDK
|
| 910 |
2 |
|
|a BOA001
|b 3-1239.993
|
| 928 |
9 |
|
|a Studijní a vědecká knihovna Plzeňského kraje
|
| 990 |
|
|
|a BK
|
| 995 |
|
|
|a 01
|
| 991 |
|
|
|b 201004
|c NOV
|g g
|
| 996 |
6 |
|
|b 2610424497
|c 3-1239.993
|l MZK
|r Sklad / do 1 hodiny
|n 0
|p p.v.
|w 001115243
|u 000010
|a 1
|e BOA001
|j MZK50
|s P
|
| 996 |
7 |
|
|b 2610432971
|c 3-1239.993
|l MZK
|r Sklad / do 1 hodiny
|n 2
|p p.v.
|w 001115243
|u 000020
|a 1
|e BOA001
|j MZK50
|s A
|